Inovační organizace
Príspevok zisťuje podiel inovačných a neinovačných podnikov (z celkovo aktívnych) na trhu, mapuje oblasť inovačných aktivít organizácií (technické, netechnické inovácie), motívy vedúce organizácie k inovačnej aktivite, či neaktivite. Venuje sa tiež oblasti ekologických inovácií.
Gespeichert in:
| 1. Verfasser: | |
|---|---|
| Format: | Buchkapitel |
| Sprache: | Tschechisch |
| Schlagworte: | |
| Tags: |
Keine Tags, Fügen Sie das erste Tag hinzu!
|
MARC
| LEADER | 00000nla$a2200000$$$4500 | ||
|---|---|---|---|
| 001 | 0142441 | ||
| 005 | 20221103134632.3 | ||
| 041 | 0 | |a cze | |
| 044 | |a SK | ||
| 245 | 1 | 0 | |a Inovační organizace |c Erika Urbánková |
| 520 | |a Príspevok zisťuje podiel inovačných a neinovačných podnikov (z celkovo aktívnych) na trhu, mapuje oblasť inovačných aktivít organizácií (technické, netechnické inovácie), motívy vedúce organizácie k inovačnej aktivite, či neaktivite. Venuje sa tiež oblasti ekologických inovácií. | ||
| 610 | 2 | 0 | |a podnik |
| 610 | 2 | 0 | |a inovácia |
| 610 | 2 | 0 | |a ekológia |
| 610 | 2 | 0 | |a Česko |
| 610 | 2 | 0 | |a Slovensko |
| 610 | 2 | 0 | |a svet |
| 100 | 1 | |a Urbánková, Erika | |